000
00251nam a22001097a 4500
999
_c
57926
_d
57923
082
_a
004.076PYL
100
_a
Samartsev V V
245
_a
Correlated photons and theor application
260
_a
New Delhi
_b
Viva Book
_c
2016
300
_a
174
942
_c
BK